000 00356nam a22001457a 4500
020 _a1-55661-221-4
082 _a823
_bJAC/Q
100 _aJACKSON, NETA
100 _aDAVE
245 _aTHE QUEEN'S SMUGGLER
_bADVENTURE STORY
260 _aMINNESOTA
_bBETHANY HOUSE PUBLISHERS
_c1991
520 _aADVENTURE STORY
650 _aADVENTURE STORY
942 _cBK
999 _c3958
_d3958